000 00536nmm a2200169Ia 4500
008 251105s9999||||xx |||||||||||||||||und||
020 _a847733577X
041 _aspa
100 _aSerrano Asenjo, Enrique
245 0 _aVidas oblicuas: Aspectos teóricos de la nueva biografía en España (1928-1936)
264 _a[Madrid, España] :
_bPrensas Universitarias de Zaragoza,
_c2002
300 _a238 páginas
490 _aHumanidades
650 _aBiography
856 _uhttps://public.digitaliapublishing.com/a/2168
942 _cCF
999 _c73395
_d73395